000 00669nam a2200241Ia 4500
003 OSt
005 20220928114904.0
006 a|||||r|||| 00| 0
007 ta
008 220927b |||||||| |||| 00| 0 eng d
024 _a40905
037 _cTextual
040 _aSDCL
_cSDCL
_beng
041 _2eng
_aeng
082 _aX625:8, M0
100 _aCrosse Howard D
_9442063
245 0 _aManagement policies for commercial banks.
260 _aNew Jersey
_bPrentice-Hall
_c1980
300 _ax,356p
_ccm.
700 _a Hempel George H
_9442064
942 _hX625:8, M0
_cTEXL
_2CC
999 _c757396
_d757396